000 00688nam a2200277Ia 4500
005 20260324140408.0
008 008 260324s9999 xx 000 0 eng d
020 _a9780429442667
037 _aEBOOK
040 _aCRL
040 _beng
040 _cCRL
041 _2eng
041 _aeng
084 _qCRL
100 _aPaul Vernon
_91192041
245 0 _aAfrican-American Blues, Rhythm and Blues, Gospel and Zydeco on Film and Video, 1924-1997
260 _bTaylor and Francis
260 _c1999
365 _a
365 _b220
856 _uhttp://www.taylorfrancis.com/books/9780429442667
942 _cEBOOK
999 _c1806274
_d1806274